আল্লামা ইকবাল / (Record no. 27593)
[ view plain ]
| 000 -LEADER | |
|---|---|
| fixed length control field | 00815nam a22002177a 4500 |
| 003 - CONTROL NUMBER IDENTIFIER | |
| control field | BDDh-ASL |
| 005 - DATE AND TIME OF LATEST TRANSACTION | |
| control field | 20231016062616.0 |
| 008 - FIXED-LENGTH DATA ELEMENTS--GENERAL INFORMATION | |
| fixed length control field | 200914s1960 b ||||| |||| 001 0 b d |
| 040 ## - CATALOGING SOURCE | |
| Original cataloging agency | BDDh-ASL |
| Transcribing agency | BDDh-ASL |
| Modifying agency | BDDh-ASL |
| 041 ## - LANGUAGE CODE | |
| Language code of text/sound track or separate title | bengali |
| 082 ## - DEWEY DECIMAL CLASSIFICATION NUMBER | |
| Classification number | 921 |
| Item number | AHA |
| 100 1# - MAIN ENTRY--PERSONAL NAME | |
| 9 (RLIN) | 5774 |
| Personal name | আহমদ, আবুযযোহা নূর |
| 245 10 - TITLE STATEMENT | |
| Title | আল্লামা ইকবাল / |
| 246 ## - VARYING FORM OF TITLE | |
| Title proper/short title | Allama Iqbal |
| 260 ## - PUBLICATION, DISTRIBUTION, ETC. | |
| Place of publication, distribution, etc. | ঢাকা: |
| Name of publisher, distributor, etc. | পাক কিতাব ঘর, |
| Date of publication, distribution, etc. | ১৯৬০। |
| 300 ## - PHYSICAL DESCRIPTION | |
| Extent | ৮৮ পৃষ্ঠা: |
| Dimensions | ২২ সে. মি.। |
| 600 10 - SUBJECT ADDED ENTRY--PERSONAL NAME | |
| Personal name | ইকবাল, আল্লামা মুহাম্মদ |
| 9 (RLIN) | 816 |
| 650 #0 - SUBJECT ADDED ENTRY--TOPICAL TERM | |
| 9 (RLIN) | 5771 |
| Topical term or geographic name entry element | Philosopher (দার্শনিক) |
| 650 #0 - SUBJECT ADDED ENTRY--TOPICAL TERM | |
| Topical term or geographic name entry element | biographical dictionary - চরিতাভিধান |
| 9 (RLIN) | 4665 |
| 942 ## - ADDED ENTRY ELEMENTS (KOHA) | |
| Source of classification or shelving scheme | Dewey Decimal Classification |
| Koha item type | Books |
| Withdrawn status | Lost status | Source of classification or shelving scheme | Damaged status | Not for loan | Collection code | Home library | Current library | Shelving location | Date acquired | Source of acquisition | Total Checkouts | Full call number | Barcode | Date last seen | Copy number | Price effective from | Koha item type | Public note |
|---|---|---|---|---|---|---|---|---|---|---|---|---|---|---|---|---|---|---|
| Dewey Decimal Classification | Not For Loan | Non-fiction | Asiatic Society Library | Asiatic Society Library | General Stacks | 11/05/2021 | ASB Library Collection | 921 AHA | 113723 | 11/05/2021 | C-1 | 11/05/2021 | Books | RARE |